| 000 | 00464nam a2200169 4500 | ||
|---|---|---|---|
| 001 | 122803 | ||
| 003 | ES-MaACL | ||
| 005 | 20230906192038.0 | ||
| 007 | t| | ||
| 008 | 070214s1957 sp r ||||1| spa d | ||
| 100 | 1 |
_aPujiula, Jaime. _994329 |
|
| 245 | 1 | 0 |
_aCitología _b: parte práctica / _cpor Jaime Pujiula. |
| 250 | _a3ª. ed. | ||
| 260 |
_aBarcelona : _bCasals, _c1957. |
||
| 300 |
_aXV, 572 p. : _bil. ; _c25 cm. |
||
| 852 |
_aES-MaACL _jC-16934 _bR.45159 |
||
| 999 |
_c122803 _d122803 |
||